00471nam a2200193 a 4500001001300000003000900013005001700022008004100039020000800080082001500088100001800103245002600121260003700147300000800184500003500192505001000227650002200237700001800259nice12345678IN_TiNIC20260116011755.0050524s1961 lona grp 000 0 eng  ac000a234.2bDAK aDakin, Arthur aProblem of Suffering. aLondonbKingsgate Pamphletc1961 a14p aincludes index and biblioraphy2 aIndex aPain-Christianity1 aDakin, Arthur